№ 4 (90); Ядерная и радиационная безопасность

Bibliographische Detailangaben
Parent link:Ядерная и радиационная безопасность: научно-практический журнал/ Научно-технический центр по ядерной и радиационной безопасности. № 4 (90).— , 2016-.— 2218-8665
Sprache:Russisch
Veröffentlicht: 2018
Online-Zugang:https://nrs-journal.ru/sections/contents/contents-90/
https://elibrary.ru/contents.asp?id=36650138
Format: MixedMaterials Elektronisch Buch
KOHA link:https://koha.lib.tpu.ru/cgi-bin/koha/opac-detail.pl?biblionumber=582643

MARC

LEADER 00000nam2a2200000 4500
001 582643
005 20231101130917.0
035 |a (RuTPU)RU\TPU\prd\283305 
035 |a RU\TPU\prd\283304 
090 |a 582643 
100 |a 20190314a19989999k y0rusy50 ca 
101 0 |a rus 
102 |a RU 
181 0 |a i  
182 0 |a b 
200 0 |a № 4 (90)  |b Электронный ресурс 
203 |a Текст  |c электронный 
210 |d 2018 
461 1 |0 (RuTPU)RU\TPU\prd\277666  |x 2218-8665  |t Ядерная и радиационная безопасность  |o научно-практический журнал  |f Научно-технический центр по ядерной и радиационной безопасности  |v № 4 (90)  |d 2016- 
801 0 |a RU  |b 63413507  |c 20010227  |g PSBO 
801 1 |a RU  |b 63413507  |c 20160324 
801 2 |a RU  |b 63413507  |c 20190314  |g RCR 
856 4 0 |u https://nrs-journal.ru/sections/contents/contents-90/ 
856 4 0 |u https://elibrary.ru/contents.asp?id=36650138 
942 |c BK